Fenomén křesťanství : křesťanská univerzalita v pluralitě náboženství /

Hlavní autor: Waldenfels, Hans, 1931-2023
Jazyk: Čeština
Vydáno: Praha : Vyšehrad, 1999
Vydání: Vyd. 1.
Edice: Světová náboženství (Vyšehrad)
Témata:
Fyzický popis: 138 s. ; 21 cm
Knihy
Uloženo v:
LEADER 01460nam a2200409 a 4500
001 000456996
003 CZ BrMZK
005 20210127120135.0
007 ta
008 990315s1999 xr e cze d
015 |a cnb000773090 
020 |a 80-7021-329-9 
035 |a (OCoLC)44526012 
040 |a BOA001  |b cze 
072 7 |a 27  |x Křesťanství. Křesťanská církev všeobecně. Eklesiologie  |2 Konspekt  |9 5 
080 |a 27  |2 MRF 
080 |a 2-64/-67  |2 MRF 
080 |a 27-675  |2 MRF 
080 |a 2-64/-67  |2 MRF 
080 |a (048.8)  |2 MRF 
100 1 |a Waldenfels, Hans,  |d 1931-2023  |7 jn20010309570  |4 aut 
245 1 0 |a Fenomén křesťanství :  |b křesťanská univerzalita v pluralitě náboženství /  |c Hans Waldenfels 
250 |a Vyd. 1. 
260 |a Praha :  |b Vyšehrad,  |c 1999 
300 |a 138 s. ;  |c 21 cm 
490 1 |a Světová náboženství 
500 |a Vyd. Kolegium Zvon. - Bibliogr. 
650 0 7 |a křesťanství  |7 ph115073  |2 czenas 
650 0 7 |a pluralismus (náboženství)  |7 ph281886  |2 czenas 
650 0 7 |a ekumenismus  |7 ph119842  |2 czenas 
650 0 7 |a mezináboženské vztahy  |7 ph122798  |2 czenas 
655 7 |a studie  |7 fd133597  |2 czenas 
765 0 |t Phänomen Christentum (Eine Weltreligion in der Welt der Religionen) 
830 0 |a Světová náboženství (Vyšehrad)  |0 s 
910 |a BOA001  |b 2-1067.428 
990 |a BK 
996 6 |b 2610106733  |c 2-1067.428  |l MZK  |r Sklad / do 1 hodiny  |n 13  |p p.v.  |w 000456996  |u 000010  |a 1  |e BOA001  |j MZK50  |s P